000 002750000a22000970004500
100 1 _aRutschman, LaVerne
245 1 0 _aRespuesta a la ponencia : Un aporte anabautista
300 _aVol. 6, Num 1 (Enero-Junio, 1986), Páginas 14-16
773 0 _tVida y pensamiento
942 _cANA
999 _c52742
_d52742